书目信息 |
| 题名: |
走进商业世界
|
|
| 作者: | 李晓燕 , 赖敏 编译 | |
| 分册: | ||
| 出版信息: | 成都 电子科技大学出版社 1996 |
|
| 页数: | 200页 | |
| 开本: | 20cm | |
| 丛书名: | ||
| 单 册: | ||
| 中图分类: | H319.4:F | |
| 科图分类: | ||
| 主题词: | 商业经济--英语--课外读物 , 商业经济 , 英语 | |
| 电子资源: | ||
| ISBN: | 7-81043-466-7 | |
| 000 | 00978nam0 2200301 45 | |
| 001 | 012006200008 | |
| 005 | 20070705152458.48 | |
| 010 | @a7-81043-466-7@dCNY16.50 | |
| 092 | @aCN@b491839 | |
| 100 | @a20060422e20051996em y0chiy0121 ea | |
| 101 | 0 | @achi@aeng |
| 102 | @aCN@b510000 | |
| 105 | @ay z 000yy | |
| 200 | 1 | @a走进商业世界@9zou jin shang ye shi jie@e商业经济英语读物@f李晓燕,赖敏编译 |
| 210 | @a成都@c电子科技大学出版社@d1996@h2005重印 | |
| 215 | @a200页@d20cm | |
| 300 | @a学生高阶英语阅读 | |
| 330 | @a本书以英国引进国际商业为蓝本,结合我国英语学习者的实际,精选了10篇,编写了10个单元。 | |
| 510 | 1 | @aInternational business topics@zeng |
| 517 | 1 | @a商业经济英语读物@9shang ye jing ji ying yu du wu |
| 606 | 0 | @a商业经济@x英语@j课外读物 |
| 606 | 0 | @a商业经济 |
| 606 | 0 | @a英语 |
| 690 | @aH319.4:F@v4 | |
| 701 | 0 | @a李晓燕@9li xiao yan@4编译 |
| 701 | 0 | @a赖敏@9lai min@4编译 |
| 801 | 0 | @aCN@bLZJBOOK@c20070705 |
| 905 | @a10447@dH319.4:F@e1286 | |
| 走进商业世界:商业经济英语读物/李晓燕,赖敏编译.-成都:电子科技大学出版社,1996(2005重印) |
| 200页;20cm |
| 学生高阶英语阅读 |
| ISBN 7-81043-466-7:CNY16.50 |
| 本书以英国引进国际商业为蓝本,结合我国英语学习者的实际,精选了10篇,编写了10个单元。 |
| ● |
| 相关链接 |
|
|
|
|
正题名:走进商业世界
索取号:H319.4:F/1286
 
预约/预借
| 序号 | 登录号 | 条形码 | 馆藏地/架位号 | 状态 | 备注 |
| 1 | 0562271 | 205622717 | 第二样本阅览室/ [索取号:H319.4:F/1286] | 在馆 | |
| 2 | 0562272 | 205622726 | 第四借阅区/ [索取号:H319.4:F/1286] | 在馆 | |
| 3 | 0562273 | 205622735 | 第四借阅区/ [索取号:H319.4:F/1286] | 在馆 | |
| 4 | 0562274 | 205622744 | 第四借阅区/ [索取号:H319.4:F/1286] | 在馆 | |
| 5 | 0562275 | 205622753 | 第四借阅区/ [索取号:H319.4:F/1286] | 在馆 | |
| 6 | 0562276 | 205622762 | 第四借阅区/ [索取号:H319.4:F/1286] | 在馆 | |
| 7 | 0562277 | 205622771 | 第四借阅区/ [索取号:H319.4:F/1286] | 在馆 | |
| 8 | 0562278 | 205622780 | 第四借阅区/ [索取号:H319.4:F/1286] | 在馆 |